| 000 | 00522nam a22002057a 4500 | ||
|---|---|---|---|
| 003 | CEME | ||
| 005 | 20211112123819.0 | ||
| 008 | 210222b xxu||||| |||| 00| 0 eng d | ||
| 020 | _a0-534-95151-1 | ||
| 038 | _abaig | ||
| 040 | _c. | ||
| 082 | _a519.40285 CHA | ||
| 100 |
_aChapman, Stephen.J _984002 |
||
| 245 | _aMatlab programming for engineers | ||
| 260 |
_aUSA: _bBROOKS-COLE, _c2000. |
||
| 300 | _aXVII,444P | ||
| 563 | _apb | ||
| 650 |
_aMATLAB NUMERICAL ANALYSIS-DATA PROCESSING _956506 |
||
| 942 |
_cBK _2ddc |
||
| 999 |
_c567288 _d567288 |
||